000 00623cam a2200217 4500500
005 20260405003727.0
041 _afre
042 _adc
100 1 0 _aDurand, Jean-Marie
_eauthor
245 0 0 _aLe Goût du crime
260 _c2023.
500 _a23
690 _aCrime
690 _aFait divers
690 _afascination
690 _aMathias Roux
690 _aMeurtre
690 _aXavier Dupont de Ligonnès
786 0 _nPhilosophie magazine | 170 | 6 | 2023-06-01 | p. 70-70 | 1951-1787
856 4 1 _uhttps://shs.cairn.info/magazine-philosophie-magazine-2023-6-page-70?lang=fr&redirect-ssocas=7080
999 _c2070230
_d2070230